[Event "Titled Tuesday intern op 07th Jan Early"]
[Site "Chess.com INT"]
[Date "2025.01.07"]
[Round "1"]
[White "Ferreira, Enzo Suzarte"]
[Black "Mrozowski, Patryk"]
[Result "0-1"]
[WhiteElo "2076"]
[BlackElo "2219"]
[PlyCount "74"]
[EventDate "2025.01.07"]
[EventType "swiss (blitz)"]
[EventRounds "11"]
[EventCountry "USA"]
[SourceTitle "CB03_2025"]
[SourceDate "2025.01.15"]
[SourceVersion "1"]
[SourceVersionDate "2025.01.15"]
[SourceQuality "1"]

1. d4 Nf6 2. c4 e6 3. Nf3 d5 4. Nc3 Be7 5. Bg5 0-0 6. e3 c6 7. Be2 Re8 8. 0-0 h6 9. Bh4 Nbd7 10. Bg3 Nh5 11. Rc1 Nxg3 12. hxg3 Bf6 13. Qd2 Qe7 14. Rfd1 dxc4 15. Bxc4 e5 16. dxe5 Nxe5 17. Nxe5 Qxe5 18. b3 Bf5 19. Ne2 Rad8 20. Qe1 Bg4 21. Rxd8 Rxd8 22. Nf4 g5 23. Nd3 Qe7 24. Nb4 Bb2 25. Rb1 Ba3 26. Nc2 Bc5 27. Be2 Bf5 28. Rc1 Bb6 29. Bf3 Qe5 30. Nd4 Bxd4 31. exd4 Qxe1+ 32. Rxe1 Rxd4 33. Re8+ Kg7 34. Re7 Rb4 35. Bd1 Be6 36. Kf1 Kf6 37. Rc7 Ke5 0-1

[Event "Krakow op-A 35th"]
[Site "Krakow"]
[Date "2024.12.30"]
[Round "5"]
[White "Szczotka, Klara"]
[Black "Mrozowski, Patryk"]
[Result "0-1"]
[WhiteElo "2137"]
[BlackElo "2196"]
[PlyCount "52"]
[EventDate "2024.12.27"]
[EventType "swiss"]
[EventRounds "9"]
[EventCountry "POL"]
[SourceTitle "CB02_2025"]
[SourceDate "2025.01.08"]
[SourceVersion "1"]
[SourceVersionDate "2025.01.08"]
[SourceQuality "1"]

1. d4 Nf6 2. c4 e6 3. Nc3 Bb4 4. Qc2 0-0 5. e4 d5 6. e5 Ne4 7. Bd3 f5 8. exf6 Nxf6 9. Nf3 c5 10. 0-0 cxd4 11. Nb5 Bd6 12. cxd5 exd5 13. Nxd6 Qxd6 14. Nxd4 Nc6 15. Nxc6 bxc6 16. Bg5 Ng4 17. g3 h6 18. Be3 Nxe3 19. fxe3 Bd7 20. e4 Qb4 21. exd5 cxd5 22. Rad1 Bh3 23. Rxf8+ Rxf8 24. Kh1 Qb6 25. Qb3 Qe6 26. Qb7 Bg4 0-1

[Event "Krakow op-A 35th"]
[Site "Krakow"]
[Date "2024.12.29"]
[Round "3"]
[White "Wnek, Filip"]
[Black "Mrozowski, Patryk"]
[Result "1-0"]
[WhiteElo "2138"]
[BlackElo "2196"]
[PlyCount "81"]
[EventDate "2024.12.27"]
[EventType "swiss"]
[EventRounds "9"]
[EventCountry "POL"]
[SourceTitle "CB02_2025"]
[SourceDate "2025.01.08"]
[SourceVersion "1"]
[SourceVersionDate "2025.01.08"]
[SourceQuality "1"]

1. e4 c5 2. Nf3 d6 3. d4 cxd4 4. Nxd4 Nf6 5. Nc3 a6 6. h4 e5 7. Nb3 Be6 8. Bg5 Be7 9. Qd2 Nbd7 10. 0-0-0 0-0 11. f3 Qc7 12. g4 Rfd8 13. h5 Nc5 14. Bxf6 Bxf6 15. g5 Be7 16. g6 h6 17. Nd5 Bxd5 18. Qxd5 Bg5+ 19. Kb1 b5 20. Bh3 Kf8 21. Na5 Na4 22. Nc6 Nb6 23. Qxf7+ Qxf7 24. gxf7 Kxf7 25. Nxd8+ Rxd8 26. Rd3 Na4 27. Rhd1 Ke7 28. b4 Bh4 29. Rg1 Kf7 30. Rf1 Ke7 31. c4 Nb6 32. cxb5 axb5 33. Ra3 Nc4 34. Ra7+ Kf6 35. Rg1 Bg5 36. Bd7 Ne3 37. Bxb5 d5 38. Rd7 Rb8 39. a4 Ke6 40. Rxg7 d4 41. Rc1 1-0

[Event "SVK-chT1E 2425"]
[Site "Slovakia"]
[Date "2024.11.16"]
[Round "1.1"]
[White "Mrozowski, Patryk"]
[Black "Seget, Milan"]
[Result "1/2-1/2"]
[WhiteElo "2196"]
[BlackElo "2050"]
[PlyCount "101"]
[EventDate "2024.11.16"]
[EventType "team-tourn"]
[EventRounds "11"]
[EventCountry "SVK"]
[SourceTitle "CB51_2024"]
[SourceDate "2024.12.18"]
[SourceVersion "1"]
[SourceVersionDate "2024.12.18"]
[SourceQuality "1"]
[WhiteTeam "Stropkov/Svidnik"]
[BlackTeam "Zvolen Slavia"]
[WhiteTeamCountry "SVK"]
[BlackTeamCountry "SVK"]

1. e4 c6 2. d4 d5 3. Nc3 dxe4 4. Nxe4 Nd7 5. Nf3 Ngf6 6. Ng3 e6 7. c3 c5 8. Qa4 Be7 9. Bg5 0-0 10. Rd1 Qc7 11. Be2 b6 12. Ne5 cxd4 13. Nc6 Bd6 14. Nxd4 a6 15. Nb5 axb5 16. Qxa8 Bb7 17. Qxb7 Qxb7 18. Rxd6 Qc7 19. Rd4 h6 20. Bd2 e5 21. Rb4 Qd6 22. Bc1 Ra8 23. a3 Rc8 24. 0-0 Rd8 25. Rd1 Qe6 26. Bxb5 Rc8 27. Bd3 Rb8 28. Bf5 Qc6 29. Bc2 Qc7 30. Rb5 Nc5 31. Re1 Ncd7 32. Nf5 Nc5 33. Re3 Qd7 34. a4 e4 35. Nd4 Nd5 36. Rg3 Kf8 37. a5 Ra8 38. Be3 Rxa5 39. Rxa5 bxa5 40. h3 Qb7 41. Bc1 h5 42. Rg5 Nd3 43. Bd2 N5f4 44. Rb5 Qa8 45. Be3 h4 46. c4 g6 47. c5 Nd5 48. Bh6+ Kg8 49. c6 Nc7 50. Rb7 Qa6 51. Be3 1/2-1/2